Т. 84, № 4; Журнал физической химии

Detalles Bibliográficos
Parent link:Журнал физической химии/ Российская академия наук ; Отделение химии и наук о материалах РАН. Т. 84, № 4.— , 1931-
Idioma:ruso
Publicado: 2010
Formato: Libro
KOHA link:https://koha.lib.tpu.ru/cgi-bin/koha/opac-detail.pl?biblionumber=424715

MARC

LEADER 00000nam2a2200000 4500
001 424715
005 20231101074234.0
035 |a (RuTPU)RU\TPU\prd\83152 
090 |a 424715 
100 |a 20100602a19309999k y0rusy50 ca 
101 0 |a rus 
102 |a RU 
200 0 |a Т. 84, № 4 
210 |d 2010 
461 1 |0 (RuTPU)RU\TPU\prd\167  |t Журнал физической химии  |f Российская академия наук ; Отделение химии и наук о материалах РАН  |v Т. 84, № 4  |d 1931- 
801 0 |a RU  |b 63413507  |c 20010227  |g PSBO 
801 1 |a RU  |b 63413507  |c 20100602 
801 2 |a RU  |b 63413507  |c 20201118  |g RCR 
942 |c BK 
999 |a НТБ_ТПУ  |b НФ  |e -1/20100108  |p П-3067  |s 5/20090907  |u 0,00  |v 1